Guide politique suisse : Initiation au droit public
Guardado en:
| Autor principal: | |
|---|---|
| Formato: | Libro |
| Lenguaje: | Undetermined |
| Publicado: |
Lausanne
1965
|
| Materias: | |
| Etiquetas: |
Agregar Etiqueta
Sin Etiquetas, Sea el primero en etiquetar este registro!
|
| Thư viện lưu trữ: | Trung tâm Học liệu Trường Đại học Cần Thơ |
|---|
| LEADER | 00522nam a2200193Ia 4500 | ||
|---|---|---|---|
| 001 | CTU_83956 | ||
| 008 | 210402s9999 xx 000 0 und d | ||
| 082 | |a 949.4 | ||
| 082 | |b S259 | ||
| 100 | |a Sauser- Hall, G. | ||
| 245 | 0 | |a Guide politique suisse : | |
| 245 | 0 | |b Initiation au droit public | |
| 245 | 0 | |c G. Sauser- Hall | |
| 260 | |b Lausanne | ||
| 260 | |c 1965 | ||
| 650 | |a Switzerland | ||
| 650 | |x Politics and government | ||
| 904 | |i Mai Loan, Qhieu | ||
| 980 | |a Trung tâm Học liệu Trường Đại học Cần Thơ | ||